000 00309nam a22001337a 4500
008 170814b xxu||||| |||| 00| 0 eng d
020 _a9780072899054
041 _aeng
080 _a51
100 _a36
101 _aMAT
245 _aDISCRETE MATHEMATICS AND ITS APPLICATIONS
_cROSEN,K.H
942 _2udc
_cBK
999 _c23318
_d23318